000 00954nam a2200217Ia 4500
001 1245
003 GE_BSU
008 181216s||||||||xx |||||||||||||| ||und||
040 _cGE_BSU
080 _a631.1
100 _aკეჩხუაშვილი ა.
245 _aურთიერთშეცვლადობის ტექნიკური გაზომვებისა და სტანდარტიზაციის საფუძვლები.ნ.1.
245 _cრედ: კაციტაძე ჯ.
260 _aთბილისი.
260 _c1998.
300 _a105 გვ. 19 სმ.
541 _h5 ლ.
653 _aურთიერთშეცვლადობა.
653 _aურთიერთშეცვლადობის ტექნიკური გაზომვებისა და სტანდარტიზაციის საფუძვლები.
942 _cBK
999 _c35392
_d35392